000 00507nam a2200181 a 4500
005 20260221063939.0
008 991125s1973 bue 000 0 spa u
035 _aUPN01000024467
049 _aCG
050 4 _aLA126
_bC5.3
100 1 _aCirigliano, Gustavo F. J.
_938109
245 1 0 _aFilosofía de la educación /
_cGustavo F. J. Cirigliano.
260 _aBuenos Aires :
_bHvmanitas,
_c1973.
300 _a286 p.
440 0 _aGuidance ;
_v9
650 4 _aEducación
_xFilosofía
_94994
905 _aLibro
999 _c24467
_d24467